Welcome to the Holygrace Academy Library

Please use search bar below to get started

WILEY ACING THE GATE. ENGINEERING MATHEMATICS& GENERAL APTITUDE (Record no. 8970)

MARC details
000 -LEADER
fixed length control field 00441nam a22001337a 4500
082 ## - DEWEY DECIMAL CLASSIFICATION NUMBER
Classification number 510
Item number MAI/W
100 ## - MAIN ENTRY--AUTHOR NAME
Personal name MAINI, ANIL K
245 ## - TITLE STATEMENT
Title WILEY ACING THE GATE. ENGINEERING MATHEMATICS& GENERAL APTITUDE
246 ## - VARYING FORM OF TITLE
Title proper/short title WILEY ACING THE GATE. ENGINEERING MATHEMATICS& GENERAL APTITUDE
Remainder of title WILEY ACING THE GATE. ENGINEERING MATHEMATICS& GENERAL APTITUDE
260 ## - PUBLICATION, DISTRIBUTION, ETC. (IMPRINT)
Place of publication NEW DELHI
Name of publisher WILEY INDIA
300 ## - PHYSICAL DESCRIPTION
Number of Pages 832
520 ## - SUMMARY, ETC.
Summary, etc MATHEMATICS
942 ## - ADDED ENTRY ELEMENTS (KOHA)
Koha item type Books
Holdings
Withdrawn status Lost status Collection code Home library Current library Shelving location Date acquired Source of acquisition Cost, normal purchase price Full call number Accession Number Koha item type
    Reference Main Library Main Library NEW SHELF WITH NEW ENTRY 01/10/2024 COTRIBUTION 295.00 510 MAI/W 13734 Books